Svetový obchod v priesečníku medzinárodnej finančnej krízy: konzekvencie a výzvy

Vývoj medzinárodného obchodu. Zmeny v teritoriálnej a tovarovej štruktúre medzinárodného obchodu. Vývoj po roku 2007. Svetový vývoz tovaru podľa regiónov. Zmeny v tovarovej štruktúre medzinárodného obchodu.

Na minha lista:
Detalhes bibliográficos
Autor principal: Baláž, Peter
Outros Autores: Zábojník, Stanislav, 1984-
Formato: Capítulo de Livro
Idioma:eslovaco
Assuntos:
Tags: Adicionar Tag
Sem tags, seja o primeiro a adicionar uma tag!

MARC

LEADER 00000naa a2200000 4500
001 0119535
005 20240502072330.9
041 0 |a slo 
044 |a SK 
245 1 0 |a Svetový obchod v priesečníku medzinárodnej finančnej krízy: konzekvencie a výzvy  |c Peter Baláž, Stanislav Zábojník 
520 |a Vývoj medzinárodného obchodu. Zmeny v teritoriálnej a tovarovej štruktúre medzinárodného obchodu. Vývoj po roku 2007. Svetový vývoz tovaru podľa regiónov. Zmeny v tovarovej štruktúre medzinárodného obchodu. 
610 2 0 |a obchod medzinárodný 
610 2 0 |a štruktúra vývozu 
610 2 0 |a štruktúra dovozu 
610 2 0 |a komodity 
610 2 0 |a kríza finančná 
610 2 0 |a konkurencieschopnosť 
610 2 0 |a bilancia obchodná 
100 1 |a Baláž, Peter 
700 1 |a Zábojník, Stanislav, 1984-